000 00461nam a2200181Ia 4500
008 230612s9999 xx 000 0 und d
041 _aeng
082 _a621.87 MUR
100 _aMurray O.
_9136612
245 _aDmiralty Handbook Of Wireless Telegraphy 1931
260 _c1931
_bJohnson And Phillips
300 _a1012
365 _cRs.
500 _aW. 2003-04
700 _aMurray O.
_9136612
906 _dB:16-Mar-2008
_cETC
999 _c164596
_d164596